000 00879nas a2200253 4500
001 BR7602091
003 BR-BrBNA
005 20231205082950.0
007 ta
008 230509b bl.|||p| |||| 00| 00por d
040 _aBR-BrBNA
_bpor
_cBiblioteca Nacional de Agricultura
041 _a(Pt)
072 _aF00
100 1 _aRubia, A.C.
100 1 _aSarruge, J.R.
100 1 _aAbramides, E.
245 1 _aEfeito do acido beta indolacetico e de cloreto de calcio no enraizamento de estacas da amoreira (MORUS ALBA, L., var,. Catania 1)em estufim, plantadas na posicao invertida
650 _aProducao vegetal
650 _aAmora
650 _aenraizamento de estaca
773 0 _tAnais da Escola Superior de Agricultura Luiz de Queiroz (Brazil)
_xISSN 0071-1276
_g(1976), v. 33 p. 309-313
_wBR7602091
909 _a202311
_bLúcia
_c55
_dLúcia Elande
942 _2AGRIS
_n0
_cANA
999 _c95431
_d95431